| 000 | 01613cam a2200241 4500 | ||
|---|---|---|---|
| 001 | X127209 | ||
| 008 | 040831n2004 000 0 eng u | ||
| 035 | _a(Sirsi) u127209 | ||
| 100 | _aSmulian, M. | ||
| 245 | _aHolland on track for high-speed system | ||
| 260 | _c2004 | ||
| 490 |
_aAxis _v58(3) July/August 2004, 16-17(2) |
||
| 520 | _aExamines the New Key Projects, the railway station transformation programme at the heart of the Netherlands sustainable transport strategy, a programme gaining its impetus from the expected arrival of the European high-speed train network in 2007. All of the projects aim to create new central business areas around stations with the largest Amsterdam Zuidas forming the lynchpin of an entirely new quarter combining business, residential and leisure areas. Paying for long-term projects of this scale is well beyond government investment alone and experiments with PFI funding will be necessary. A voluntary process similar to planning gain will be used to get developers to contribute part of the increase in land values arising from the station developments. Amsterdam Zuidas has required the creation of a new business enterprise between the city council, bankers and developers with the government sharing the risk. Table covers government investment and project progress. | ||
| 650 | _aPFI PROJECTS | ||
| 650 | _aPLANNING GAIN | ||
| 650 | _aLAND VALUES | ||
| 650 | _aTRANSPORT DEVELOPMENT AREAS | ||
| 650 | _aINNER CITY REGENERATION | ||
| 650 | _aNETHERLANDS | ||
| 650 | _aSUSTAINABLE TRANSPORT | ||
| 690 | _aTRANSPORT AND COMMUNICATIONS | ||
| 942 | _n0 | ||
| 999 |
_c74518 _d74518 |
||